MCSE windows 2000 network administration : (Record no. 135604)
[ view plain ]
| 000 -LEADER | |
|---|---|
| fixed length control field | 00827nam a22002297a 4500 |
| 005 - DATE AND TIME OF LATEST TRANSACTION | |
| control field | 20170124110247.0 |
| 010 ## - LIBRARY OF CONGRESS CONTROL NUMBER | |
| LC control number | B-045535 |
| 020 ## - INTERNATIONAL STANDARD BOOK NUMBER | |
| Terms of availability | 00.00 |
| International Standard Book Number | 0070435274 |
| 035 ## - SYSTEM CONTROL NUMBER | |
| System control number | B-045535 |
| 037 ## - SOURCE OF ACQUISITION | |
| Source of stock number/acquisition | Cen Lib/Ret |
| 040 ## - CATALOGING SOURCE | |
| Original cataloging agency | DPL |
| Language of cataloging | EN |
| 082 ## - DEWEY DECIMAL CLASSIFICATION NUMBER | |
| Classification number | 005.43 |
| Item number | MCS |
| 110 ## - MAIN ENTRY--CORPORATE NAME | |
| Corporate name or jurisdiction name as entry element | New Delhi.Tata McGraw-Hill Publishing Company |
| 9 (RLIN) | 97796 |
| 245 ## - TITLE STATEMENT | |
| Title | MCSE windows 2000 network administration : |
| Remainder of title | study guide : exam 70-216 / |
| 260 ## - PUBLICATION, DISTRIBUTION, ETC. (IMPRINT) | |
| Name of publisher, distributor, etc | Tata McGraw-Hill Publishing Company |
| Place of publication, distribution, etc | New Delhi |
| Date of publication, distribution, etc | 2000 |
| 270 ## - ADDRESS | |
| Address | 7 West Patel Nagar |
| City | New Delhi |
| Postal code | 110008 |
| 300 ## - PHYSICAL DESCRIPTION | |
| Extent | xlix,939p. |
| Dimensions | 22cm(Hb) |
| 500 ## - GENERAL NOTE | |
| General note | Includes index <br/> |
| 650 ## - SUBJECT ADDED ENTRY--TOPICAL TERM | |
| Topical term or geographic name as entry element | Electronic data processing personnel -- Certification. |
| 9 (RLIN) | 97797 |
| 650 ## - SUBJECT ADDED ENTRY--TOPICAL TERM | |
| Topical term or geographic name as entry element | Computer networks -- Management -- Examinations -- Study guides. |
| 9 (RLIN) | 97798 |
| 942 ## - ADDED ENTRY ELEMENTS (KOHA) | |
| Source of classification or shelving scheme | Dewey Decimal Classification |
| Koha item type | English Books |
| Classification part | 005.43 |
| Call number suffix | MCS |
| Withdrawn status | Lost status | Damaged status | Not for loan | Home library | Current library | Date acquired | Source of acquisition | Cost, normal purchase price | Total Checkouts | Full call number | Barcode | Date last seen | Copy number | Cost, replacement price | Price effective from | Koha item type |
|---|---|---|---|---|---|---|---|---|---|---|---|---|---|---|---|---|
| Central Library | Central Library | 07/10/2015 | Cen Lib/Ret | 0.00 | 005.43 MCS | B-045535 | 07/10/2015 | 1 | 0.00 | 07/10/2015 | English Books |
